00485nam a2200181Ia 4500003000400000005001700004008004100021020001500062040000700077041000800084082002300092100002700115245006800142260005600210300001800266365001300284440000600297OSt20230401110513.0210423s2006 xx 000 0 und d a8121926629 cAL aeng a657.046 223bPILR aPILLAI (R S N);others. aFundamentals of advanced accounting: financial accountancy. V1. aNew DelhibResearch and Education Associationc2006 axiii,1261bPB b400cINR v1